| 000 | 00345nam a2200145Ia 4500 | ||
|---|---|---|---|
| 008 | 150201s1998 xx 000 0 und d | ||
| 082 |
_a611 _bA98W |
||
| 100 | _aWINWOOD , R.S. | ||
| 245 | _aSEARS ANATOMY & PHYSIOLOGY FOR NURSES | ||
| 250 | _a6TH | ||
| 260 |
_bJAYPEE _aDELHI _c1998 |
||
| 300 | _a311 | ||
| 650 | _aANATOMY | ||
| 942 |
_2ddc _cBK _017 |
||
| 999 |
_c1900 _d1900 |
||